[Event "World Blitz Qualifier"]
[Site "Moscow RUS"]
[Date "2011.02.17"]
[Round "4.2"]
[White "Andreikin,D"]
[Black "Vallejo Pons,F"]
[Result "1-0"]
[WhiteElo "2689"]
[BlackElo "2698"]

1.c4 Nf6 2.Nc3 e5 3.Nf3 Nc6 4.e4 Bb4 5.d3 d6 6.a3 Bxc3+ 7.bxc3 O-O 8.g3 Nd7
9.Bg2 Nc5 10.O-O f5 11.exf5 Bxf5 12.d4 Ne4 13.Nh4 Nxc3 14.Qd2 Nxd4 15.Nxf5 Rxf5
16.Bb2 Nce2+ 17.Kh1 Qf6 18.Rae1 Rxf2 19.Bxd4 Nxg3+ 20.hxg3 Rxd2 21.Rxf6 gxf6
22.Be3 Rd3 23.Bxb7 Rb8 24.Bd5+ Kg7 25.Bxa7 Rb2 26.Ra1 Rbb3 27.a4 Ra3 28.Rxa3 Rxa3
29.Bc6 f5 30.Bb8 e4 31.Bxc7 Rxg3 32.Bxd6 Rd3 33.c5 Kf6 34.Bb5 Rd1+ 35.Kg2 Rd2+
36.Kf1 e3 37.a5 f4 38.Bxf4 Rf2+ 39.Ke1 Rxf4 40.a6 Rb4 41.c6 Rxb5 42.a7 Rb1+
43.Ke2 Ra1 44.c7 Rxa7 45.c8=Q Re7 46.Qf8+ Rf7 47.Qh6+ Ke7 48.Kxe3 Ke8 49.Ke4 Re7+
50.Kd5 Rd7+ 51.Kc6 Rf7 52.Qg5 Kf8 53.Kd6 Rg7 54.Qf6+ Kg8 55.Qd8+ Kf7 56.Ke5 Rg6
57.Qd7+ Kg8 58.Qe7 Rh6  1-0

[Event "Schachbundesliga 2010-11"]
[Site "Baden-Baden GER"]
[Date "2011.04.09"]
[Round "14"]
[White "Roiz,M"]
[Black "Vallejo Pons,F"]
[Result "1/2-1/2"]
[WhiteElo "2637"]
[BlackElo "2697"]

1.d4 Nf6 2.c4 e6 3.Nc3 Bb4 4.e3 b6 5.Ne2 Bb7 6.a3 Bd6 7.Qc2 c5 8.d5 O-O 9.Ng3 Be5
10.e4 a6 11.a4 d6 12.Be2 Bd4 13.Bf4 Ne8 14.Qd2 Nd7 15.Bg5 Nef6 16.O-O Re8
17.Rad1 Qc7 18.Be3 exd5 19.exd5 Bxe3 20.fxe3 Re5 21.e4 g6 22.Rf4 Qd8 23.Rdf1 Qe7
24.Bg4 Rf8 25.Bxd7 Nxd7 26.Nd1 Bc8 27.b3 Rg5 28.Nf2  1/2-1/2

[Event "11th BCC Thailand Open"]
[Site "Pattaya THA"]
[Date "2011.04.16"]
[Round "8.1"]
[White "Vallejo Pons,F"]
[Black "Gustafsson,J"]
[Result "1/2-1/2"]
[WhiteElo "2707"]
[BlackElo "2647"]

1.e4 e5 2.Nf3 Nc6 3.Bb5 a6 4.Ba4 Nf6 5.O-O Be7 6.Re1 b5 7.Bb3 O-O 8.c3 d5
9.exd5 Nxd5 10.Nxe5 Nxe5 11.Rxe5 c6 12.d3 Bd6 13.Re1 Bf5 14.Qf3 Qf6 15.Bxd5 cxd5
16.Bf4 Bxf4 17.Qxf4 d4 18.cxd4 Rad8 19.Qe5 Rxd4 20.Qxf6 gxf6 21.Nc3  1/2-1/2

[Event "11th BCC Thailand Open"]
[Site "Pattaya THA"]
[Date "2011.04.17"]
[Round "9.1"]
[White "Murshed,N"]
[Black "Vallejo Pons,F"]
[Result "0-1"]
[WhiteElo "2455"]
[BlackElo "2707"]

1.d4 e6 2.e4 d5 3.Nc3 Nf6 4.e5 Nfd7 5.f4 c5 6.Nf3 Nc6 7.Be3 cxd4 8.Nxd4 Bc5
9.Qd2 O-O 10.O-O-O a6 11.Qf2 Nxd4 12.Bxd4 b6 13.Bd3 f6 14.Qh4 h6 15.Ne2 fxe5
16.Qxd8 Rxd8 17.Bxe5 Nxe5 18.fxe5 Be3+ 19.Kb1 d4 20.Be4 Ra7 21.c3 d3 22.Rxd3 Rxd3
23.Bxd3 Bb7 24.Nd4 Bxg2 25.Re1 Bxd4 26.cxd4 Rd7 27.Bxa6 Rxd4 28.Kc2 Rh4 29.Kc3 Bd5
30.Re2 Bxa2 31.Bb7 Rc4+ 32.Kd2 Bb1 33.Ke3 Bf5 34.Rd2 Rb4  0-1

[Event "Nakhchivan Open"]
[Site "Nakhchivan AZE"]
[Date "2011.04.26"]
[Round "4"]
[White "Vallejo Pons,F"]
[Black "Turov,M"]
[Result "1-0"]
[WhiteElo "2707"]
[BlackElo "2635"]

1.e4 e5 2.Nf3 Nc6 3.Bb5 a6 4.Ba4 Nge7 5.d4 exd4 6.Bb3 Na5 7.Qxd4 Nxb3 8.axb3 Nc6
9.Qd3 d6 10.Nd4 Bd7 11.Be3 Be7 12.Nc3 O-O 13.Nd5 Re8 14.O-O Bf8 15.Rfe1 Nxd4
16.Bxd4 Be6 17.Ne3 c6 18.c4 Qg5 19.Rf1 Qg6 20.f4 Bd7 21.f5 Qg5 22.Rae1 Qh4
23.Nc2 c5 24.g3 Qd8 25.Bc3 Qb6 26.e5 Qxb3 27.e6 fxe6 28.fxe6 Rxe6 29.Qf5 Rxe1
30.Qf7+ Kh8 31.Nxe1  1-0

[Event "Nakhchivan Open"]
[Site "Nakhchivan AZE"]
[Date "2011.04.27"]
[Round "5"]
[White "Sokolov,Ivan"]
[Black "Vallejo Pons,F"]
[Result "1/2-1/2"]
[WhiteElo "2643"]
[BlackElo "2707"]

1.d4 d5 2.c4 c6 3.Nf3 Nf6 4.Nc3 e6 5.g3 dxc4 6.Bg2 b5 7.Ne5 Nd5 8.O-O Bb7
9.e4 Nxc3 10.bxc3 Nd7 11.Bf4 h5 12.a4 a6 13.Nf3 Nb6 14.a5 Nd7 15.h4 Nf6 16.Qe2 Be7
17.Rfd1 Ng4 18.Ng5 Qd7 19.e5 Qc7 20.Bf3 Rd8 21.Ne4 g6 22.Bg5 Nh6 23.Bxe7 Qxe7
24.Nc5 Kf8 25.Rab1 Rb8 26.Qe4 Kg7 27.Nxb7 Qxb7 28.Qxc6 Qxc6 29.Bxc6 Nf5 30.Be4 Ne7
31.Kf1 Rhc8 32.Ke2 Nc6 33.Bxc6 Rxc6 34.Kd2 Rd8 35.Kc2 Rd5 36.Kb2 f6 37.exf6+ Kxf6
38.f4 Rcd6 39.Ka3 Rf5 40.Kb4 Ke7 41.Rb2 Rdd5 42.Re2 Rd6 43.Rde1 Kd7 44.Re5 Ke7
45.Kc5 Kd7 46.Re2 Rc6+ 47.Kb4 Rd6 48.Rg2 Rd5 49.Rxd5+ Rxd5 50.g4 Kd6 51.gxh5 Rxh5
52.Rxg6 Rxh4 53.f5 Re4 54.Rxe6+  1/2-1/2

[Event "I Bahia Feliz GM"]
[Site "Bahia Feliz ESP"]
[Date "2011.05.13"]
[Round "2"]
[White "Vallejo Pons,F"]
[Black "Kindermann,S"]
[Result "1/2-1/2"]
[WhiteElo "2722"]
[BlackElo "2515"]

1.e4 e6 2.d4 d5 3.Nc3 Nf6 4.Bg5 Bb4 5.e5 h6 6.Bc1 Ne4 7.Qg4 Kf8 8.Ne2 c5
9.a3 Bxc3+ 10.bxc3 cxd4 11.cxd4 Nc6 12.c3 Qa5 13.Be3 Ne7 14.Qh3 f6 15.exf6 Nxf6
16.g4 Kg8 17.f3 Bd7 18.Bd2 Ng6 19.Qg3 Rf8 20.h4 h5 21.gxh5 Ne7 22.Bh3 Rxh5
23.Rg1 Ne8 24.Nf4 Rh6 25.Kf2 Rhf6 26.Rae1 Nf5 27.Bxf5 Rxf5 28.h5 Qc7 29.Re5 Rxe5
30.h6 Rf6 31.dxe5 Rxh6 32.Nxd5 exd5 33.Bxh6 Qb6+ 34.Be3 Qb2+ 35.Ke1 Qb1+
36.Kd2 Qb2+ 37.Ke1 Qb1+ 38.Kd2 Qb2+  1/2-1/2

[Event "I Bahia Feliz GM"]
[Site "Bahia Feliz ESP"]
[Date "2011.05.20"]
[Round "8"]
[White "Mecking,H"]
[Black "Vallejo Pons,F"]
[Result "0-1"]
[WhiteElo "2577"]
[BlackElo "2722"]

1.d4 Nf6 2.c4 e6 3.Nc3 Bb4 4.e3 b6 5.Ne2 c5 6.a3 Ba5 7.Rb1 Na6 8.Ng3 O-O
9.Bd3 cxd4 10.exd4 Bxc3+ 11.bxc3 Nc7 12.O-O Ba6 13.Bg5 h6 14.Bxf6 Qxf6 15.c5 Bxd3
16.Qxd3 Nd5 17.Ne4 Qg6 18.c4 Ne7 19.cxb6 axb6 20.Rxb6 d5 21.cxd5 Nxd5 22.Rb3 Rfd8
23.Qf3 Ra4 24.Rd1 Ne7 25.Ng3 Raxd4 26.Rxd4 Rxd4 27.h3 Nd5 28.Qh5 Qf6 29.Qf3 Qe5
30.Rd3 Qe1+ 31.Kh2 Rf4 32.Rd1 Qxf2 33.Qxf2 Rxf2 34.Ra1 Nf4 35.Kh1 Rxg2 36.Nf1 e5
37.a4 Rg6 38.a5 Ra6 39.Kh2 Ne6 40.Ne3 Nd4 41.Nc4 f6 42.Rb1 Rc6 43.Rb4 Kh7
44.Ra4 Ra6 45.Rb4 Nc6 46.Rb6 Nxa5 47.Rxa6 Nxc4 48.Kg3 Ne3 49.Kf3 Nf5 50.Ra1 Kg6
51.Ke4 Ng3+ 52.Kf3 Nh5 53.Ke4 Nf4 54.Ra3 h5 55.h4 Ne6 56.Rg3+ Kf7 57.Ra3 Nd4
58.Ra7+ Kg6 59.Ra2 Kh6 60.Ra6 Ne2 61.Ra3 Nf4 62.Rb3 Kh7 63.Kf5 Ng6 64.Rb4 Ne7+
65.Ke6 Ng8 66.Rb1 Nh6 67.Ra1 Ng4 68.Kf5 Kh6 69.Ra8 Ne3+ 70.Ke6 Ng2 71.Kf7 Nxh4
72.Rh8+ Kg5 73.Kxg7 f5 74.Rg8 e4 75.Kf7+ Kf4 76.Kf6 e3 77.Re8 Nf3 78.Ra8 e2
79.Ra4+ Kg3  0-1

[Event "Baku Open A"]
[Site "Baku AZE"]
[Date "2011.08.06"]
[Round "1"]
[White "Morchiashvili,B"]
[Black "Vallejo Pons,F"]
[Result "0-1"]
[WhiteElo "2376"]
[BlackElo "2724"]

1.d4 Nf6 2.c4 e6 3.Nf3 b6 4.g3 Bb7 5.Bg2 c5 6.O-O cxd4 7.Qxd4 Nc6 8.Qf4 Rc8
9.Nc3 Na5 10.b3 d5 11.Rd1 Bd6 12.Qh4 Nxc4 13.bxc4 Rxc4 14.Qg5 Rxc3 15.Bb2 h6
16.Qxg7 Rh7 17.Qxh7 Nxh7 18.Bxc3 Nf6 19.Bb2 Bc5 20.Ne5 Nd7 21.e3 Ba6 22.Nxd7 Qxd7
23.Bf1 Bxf1 24.Rxf1 Qa4 25.Rfd1 h5 26.h4 Ke7 27.Rd2 Qe4 28.Rad1 f6 29.Rd3 Kf7
30.Bd4 Bd6 31.R3d2 Qf3 32.Ba1 Kg6 33.Rb1 Kf5 34.Rb3 Bc5 35.Bd4 e5 36.Bxc5 bxc5
37.Rbd3 c4 38.Rxd5 c3  0-1

[Event "Baku Open A"]
[Site "Baku AZE"]
[Date "2011.08.13"]
[Round "8"]
[White "Vallejo Pons,F"]
[Black "Ibrahimov,R"]
[Result "1/2-1/2"]
[WhiteElo "2724"]
[BlackElo "2547"]

1.e4 c5 2.c3 d5 3.exd5 Qxd5 4.d4 Nf6 5.Nf3 Bg4 6.dxc5 Qxc5 7.h3 Bd7 8.Na3 e6
9.Be3 Qa5 10.Nc4 Qc7 11.Qd2 Nd5 12.Bg5 Bb5 13.Nd6+ Bxd6 14.Bxb5+ Nc6 15.O-O a6
16.Ba4 h6 17.Rfe1 Ne7 18.Bxc6+ Qxc6 19.Rad1 Nf5 20.Nh4 Nxh4 21.Bxh4 Be7 22.Qd4 f6
23.Bg3 Rd8 24.Qg4 Kf7 25.Qh5+ g6 26.Rxd8 Bxd8 27.Qh4 Be7 28.Rd1 h5 29.Qf4 e5
30.Qe3  1/2-1/2

[Event "FIDE World Cup 2011"]
[Site "Khanty-Mansiysk RUS"]
[Date "2011.08.30"]
[Round "1.4"]
[White "Vallejo Pons,F"]
[Black "Cori,J"]
[Result "1/2-1/2"]
[WhiteElo "2724"]
[BlackElo "2514"]

1.c4 e5 2.g3 Nf6 3.Bg2 Nc6 4.Nc3 Bb4 5.Nd5 Bc5 6.a3 a5 7.e3 O-O 8.Ne2 d6
9.O-O Re8 10.b3 Bf5 11.d3 Nxd5 12.cxd5 Ne7 13.d4 Bb6 14.dxe5 dxe5 15.e4 Bd7
16.Bb2 Nc8 17.Nc1 Nd6 18.Nd3 f6 19.a4 Rc8 20.Rc1 Qe7 21.Qd2 c6 22.dxc6 Bxc6
23.Qe2 Qe6 24.Ba3 Rcd8 25.Bc5 Bc7 26.Rc3 f5 27.Bxd6 Rxd6 28.Nc5 Qf7 29.exf5 Bb6
30.Qc4 Qxc4 31.Rxc4 Rd2 32.Bxc6 bxc6 33.Ne4 Re2 34.Rxc6 Bd4 35.Nd6 Rf8 36.Nb5 Rd8
37.Rd6 Rxd6 38.Nxd6 e4 39.Nc4 Kf7 40.Nxa5 Rc2 41.b4 Kf6 42.b5 Kxf5 43.Nc6 Bc5
44.h3 h5 45.a5 h4 46.gxh4 Kf4 47.b6 Rb2 48.Nd8 Kf3 49.b7 e3 50.fxe3+ Kg3
51.Re1 Rg2+ 52.Kf1 Rf2+ 53.Kg1 Rg2+ 54.Kf1 Rf2+ 55.Kg1 Ba7 56.Nc6 Rg2+ 57.Kf1 Rf2+
58.Kg1 Rg2+ 59.Kf1  1/2-1/2

[Event "FIDE World Cup 2011"]
[Site "Khanty-Mansiysk RUS"]
[Date "2011.08.30"]
[Round "1.3"]
[White "Cori,J"]
[Black "Vallejo Pons,F"]
[Result "0-1"]
[WhiteElo "2514"]
[BlackElo "2724"]

1.d4 Nf6 2.c4 e6 3.g3 c5 4.d5 exd5 5.cxd5 d6 6.Nc3 g6 7.Bg2 Bg7 8.Nf3 O-O
9.O-O a6 10.a4 Re8 11.Bf4 Nh5 12.Bg5 Qc7 13.Nd2 Nd7 14.Bf3 h6 15.Be3 Nhf6
16.Nc4 Ne5 17.Nxe5 Rxe5 18.Bf4 Re8 19.e4 Nd7 20.Be3 Ne5 21.Be2 Bh3 22.Re1 h5
23.f3 Rab8 24.Rc1 Qd7 25.a5 b6 26.axb6 Rxb6 27.Rc2 Reb8 28.Qd2 Qb7 29.Rb1 Rb4
30.Nd1 Bd7 31.Nc3 a5 32.Ra1 a4 33.Ra2 Rd4 34.Qc1 Nd3 35.Bxd3 Rxd3 36.Kg2 Qb4
37.Bf4 Rb6 38.Ra3 Qa5 39.Ra2 Qa6 40.Ra3 Rb3 41.Ra2 Qc8 42.h4 Bh3+ 43.Kf2 Bd4+
44.Ke2 Rxf3 45.Qh1 Qa6+ 46.Kd2 Qd3+  0-1

[Event "FIDE World Cup 2011"]
[Site "Khanty-Mansiysk RUS"]
[Date "2011.08.31"]
[Round "2.1"]
[White "Vallejo Pons,F"]
[Black "Bruzon Batista,L"]
[Result "0-1"]
[WhiteElo "2724"]
[BlackElo "2673"]

1.e4 e5 2.Nf3 Nc6 3.d4 exd4 4.Nxd4 Bc5 5.Nb3 Bb4+ 6.c3 Be7 7.f4 d6 8.Bd3 Nh6
9.N1d2 O-O 10.Nf3 f5 11.O-O Kh8 12.h3 fxe4 13.Bxe4 Nf5 14.Kh2 Bh4 15.Nxh4 Qxh4
16.Qd3 Nfe7 17.Bd2 Bf5 18.Rae1 Bxe4 19.Rxe4 Qf6 20.Rfe1 Ng8 21.Qb5 Rab8 22.Na5 a6
23.Qh5 Nce7 24.Re6 Qf7 25.Qxf7 Rxf7 26.g4 b6 27.Nb3 Nc6 28.Kg3 Nf6 29.c4 Kg8
30.Bc3 Rbf8 31.Nd4 Nd8 32.R6e2 d5 33.cxd5 Nxd5 34.f5 Nxc3 35.bxc3 h6 36.Kf4 Rd7
37.h4 Nb7 38.Re7 Rxe7 39.Rxe7 Nc5 40.Rxc7 Re8 41.g5 hxg5+ 42.hxg5 g6 43.f6 Kf8
44.Rc6 Nd3+ 45.Kg3 Re3+ 46.Kh2 Nf4 47.Rxb6 Rh3+ 48.Kg1 Rxc3 49.Rxa6 Nh3+
50.Kf1 Nxg5 51.a4 Kf7 52.a5 Ne4 53.Rb6 Nc5 54.Rc6 Na4 55.Rd6 Nc5 56.Ke2 Ra3
57.Nc6 Ne6 58.a6 g5 59.a7 g4 60.Rd7+ Kxf6 61.Rb7 g3 62.Rb3 Ra2+ 63.Kf1 g2+
64.Kg1 Nf4 65.Kh2 Ra1 66.a8=Q  0-1

[Event "4th Final Masters"]
[Site "Sao Paulo/Bilbao BRA/ESP"]
[Date "2011.09.26"]
[Round "1"]
[White "Aronian,L"]
[Black "Vallejo Pons,F"]
[Result "1-0"]
[WhiteElo "2807"]
[BlackElo "2716"]

1.d4 d5 2.c4 c6 3.Nc3 dxc4 4.e4 b5 5.a4 b4 6.Nb1 Ba6 7.Qc2 Qxd4 8.Nf3 Qd7
9.Bxc4 e6 10.O-O Nf6 11.Bg5 Be7 12.Nbd2 h6 13.Bxf6 Bxf6 14.Rfd1 O-O 15.e5 Be7
16.Ne4 Qc8 17.Ba2 b3 18.Bxb3 Nd7 19.Nd6 Bxd6 20.Rxd6 c5 21.Rad1 c4 22.Ba2 Nc5
23.Bb1 g6 24.h4 h5 25.Qc1 Bb7 26.Nd4 Ne4 27.Qh6 Nxd6 28.Bxg6 fxg6 29.Qxg6+ Kh8
30.Qh6+ Kg8 31.Nxe6 Nf5 32.Qg6+ Kh8 33.Qxh5+ Kg8 34.Qg6+ Kh8 35.Nxf8 Qxf8
36.Rd7 Qh6 37.Qxf5 Rf8 38.Qg5 Qxg5 39.hxg5 Be4 40.Rxa7 Rb8 41.f3 Bf5 42.Rc7 Be6
43.Rc6 Bg8 44.f4 Rxb2 45.e6 Re2 46.f5 Re5 47.g4 Re4 48.Kf2 Rxg4 49.e7 Bf7
50.g6 Kg7 51.gxf7 Kxf7 52.Re6 Ke8 53.f6  1-0

[Event "4th Final Masters"]
[Site "Sao Paulo/Bilbao BRA/ESP"]
[Date "2011.09.28"]
[Round "3"]
[White "Vallejo Pons,F"]
[Black "Carlsen,M"]
[Result "1-0"]
[WhiteElo "2716"]
[BlackElo "2823"]

1.Nf3 g6 2.e4 Bg7 3.d4 d6 4.Bc4 Nf6 5.Qe2 O-O 6.O-O Bg4 7.Rd1 Nc6 8.Bb5 Nd7
9.c3 e5 10.Bxc6 bxc6 11.h3 Bxf3 12.Qxf3 exd4 13.cxd4 c5 14.Be3 Rb8 15.Qe2 Rb4
16.a3 Rb3 17.Ra2 Qb8 18.Qc2 a5 19.dxc5 Nxc5 20.Bxc5 dxc5 21.Qxc5 Rd8 22.Nc3 Rxd1+
23.Nxd1 Qd8 24.Ra1 Qd2 25.Rc1 Qe1+ 26.Kh2 Qxe4 27.Qc2 Be5+ 28.g3 Rd3 29.Ne3 h5
30.Nc4 Qd5 31.Nxe5 Rd2 32.Qc5 Qxc5 33.Rxc5 Rxf2+ 34.Kg1 Rxb2 35.Rxc7 Rb3
36.Kg2 Rxa3 37.Nxf7 a4 38.Ra7 Ra1 39.Ne5 g5 40.g4 hxg4 41.hxg4 a3 42.Nf3  1-0

[Event "4th Final Masters"]
[Site "Sao Paulo/Bilbao BRA/ESP"]
[Date "2011.09.30"]
[Round "4"]
[White "Vallejo Pons,F"]
[Black "Anand,V"]
[Result "0-1"]
[WhiteElo "2716"]
[BlackElo "2817"]

1.Nf3 c5 2.c4 Nc6 3.Nc3 g6 4.e3 Nf6 5.d4 cxd4 6.exd4 d5 7.cxd5 Nxd5 8.Qb3 e6
9.Nxd5 exd5 10.Bb5 Bg7 11.Qa3 Qe7+ 12.Qxe7+ Kxe7 13.Bxc6 bxc6 14.Bf4 f6 15.Rc1 g5
16.Be3 Bd7 17.h4 h6 18.hxg5 hxg5 19.Rxh8 Rxh8 20.Kd2 Bf8 21.Ne1 Kf7 22.Nd3 Kg6
23.Nc5 Be8 24.g3 Kf5 25.Rc3 Bd6 26.Ra3 Rh7 27.Ra6 Kg4 28.Nd3 Rc7 29.b4 Bd7
30.b5 Be7 31.bxc6 Bxc6 32.Ra5 Bd8 33.Nb4 Ba8 34.Rc5 Rd7 35.a3 Bb7 36.Nd3 Ba6
37.Nb4 Bc4 38.Rc8 Be7 39.Ra8 Rb7 40.Nc6 Bxa3 41.Rxa7 Rxa7 42.Nxa7 Bb4+ 43.Kc2 Kf3
44.Nc8 Bb5 45.Kd1 Ba4+ 46.Kc1 Ke2 47.Kb2 Bd7 48.Nb6 Bc6 49.Nc8 g4 50.Kc1 Bd7
51.Nb6 Be6 52.Na4 Be1 53.Nc5 Bf5 54.Na4 Bxf2 55.Bxf2 Kxf2 56.Nc3 Be4 57.Kd2 Bf3  0-1

[Event "TCh-ESP CECLUB Div Honor 2011"]
[Site "Melilla ESP"]
[Date "2011.11.23"]
[Round "3"]
[White "Vallejo Pons,F"]
[Black "Ponomariov,R"]
[Result "0-1"]
[WhiteElo "2705"]
[BlackElo "2723"]

1.e4 e5 2.Nf3 Nc6 3.Bc4 Bc5 4.c3 Nf6 5.d4 exd4 6.e5 d5 7.Be2 Ne4 8.cxd4 Bb4+
9.Bd2 Nxd2 10.Nbxd2 O-O 11.O-O f6 12.a3 Ba5 13.Bb5 Ne7 14.Qc2 Bf5 15.Bd3 Bxd3
16.Qxd3 Ng6 17.g3 c5 18.b4 cxb4 19.Nb3 bxa3 20.Nxa5 Qxa5 21.Qb3 fxe5 22.Rxa3 Qd8
23.dxe5 Qd7 24.e6 Qxe6 25.Qxb7 a5 26.Nd4 Qe4 27.Rd1 Rab8 28.Qa6 Rb1 29.Rd3 Rxd1+
30.Rxd1 Ne5 31.Qxa5 Ng4 32.Nc6 Ne3 33.fxe3 Qxe3+ 34.Kg2 Rf2+ 35.Kh3 Qh6+
36.Kg4 Qg6+  0-1

[Event "Sportaccord WMG Rapid"]
[Site "Beijing CHN"]
[Date "2011.12.09"]
[Round "2"]
[White "Le Quang Liem"]
[Black "Vallejo Pons,F"]
[Result "0-1"]
[WhiteElo "2714"]
[BlackElo "2705"]

1.c4 e5 2.g3 Nc6 3.Nc3 Nf6 4.Bg2 Bb4 5.Nf3 O-O 6.O-O d6 7.d3 h6 8.Bd2 a5
9.a3 Bc5 10.Rb1 Bd7 11.h3 Re8 12.Ne1 Qc8 13.Kh2 Bf5 14.e4 Bg6 15.f4 exf4
16.gxf4 Nd4 17.Be3 c6 18.b4 axb4 19.axb4 Ba7 20.Qd2 d5 21.cxd5 cxd5 22.e5 Nh5
23.Nxd5 Nf5 24.Bf2 Qd8 25.Rc1 Bxf2 26.Qxf2 Ra3 27.Qb2 Ra7 28.Bf3 Nh4 29.Bh1 Nf5
30.Rg1 b6 31.Qf2 Rd7 32.Nxb6 Rd4 33.Rc8 Rxf4 34.Qc5 Qh4 35.Rxe8+ Kh7 36.Bg2 Rf2
37.Rf1 Rxf1 38.Bxf1 Qg3+ 39.Kh1 Qxe1 40.Kg1 Ne3 41.Kh2 Qf2+  0-1

[Event "Sportaccord WMG Rapid"]
[Site "Beijing CHN"]
[Date "2011.12.10"]
[Round "3"]
[White "Vallejo Pons,F"]
[Black "Gashimov,V"]
[Result "0-1"]
[WhiteElo "2705"]
[BlackElo "2757"]

1.e4 g6 2.d4 Bg7 3.Nf3 d6 4.Bc4 Nf6 5.Nc3 O-O 6.O-O Bg4 7.h3 Bxf3 8.Qxf3 Nc6
9.Be3 e5 10.dxe5 Nxe5 11.Qe2 Nxc4 12.Qxc4 Re8 13.Rad1 a6 14.a4 Re6 15.f3 c6
16.Qb3 Qc7 17.Qb6 Qe7 18.Bg5 h6 19.Bh4 Re8 20.Qf2 g5 21.Bg3 Nh5 22.Bh2 Nf4
23.Qd2 Be5 24.Kh1 Qf6 25.g3 Ng6 26.Ne2 d5 27.exd5 cxd5 28.c3 Bf4 29.Qd4 Qf5
30.Nxf4 gxf4 31.g4 Qg5 32.Qxd5 Re5 33.Qd4 Qh4 34.Qf2 Qxh3 35.Qg2 Qh4 36.Rd2 Re1
37.Rf2 R1e3 38.Kg1 R8e5 39.Rd2 h5 40.Kh1 Re1 41.Rf2 hxg4 42.fxg4 R1e3 43.Qxb7 Rh3
44.Qc8+ Kg7 45.Qd7 Rg5 46.Qd4+ Kh6 47.Qf6 Qxg4 48.Qxf7 f3 49.Qc7 Rh4 50.Qc6 Rh3
51.Qd6 a5 52.b4 Qe4 53.Qd4 Rg2 54.Qd2+ Nf4 55.Qd6+ Kh5 56.Qc5+ Kh4  0-1

[Event "Sportaccord WMG Rapid"]
[Site "Beijing CHN"]
[Date "2011.12.10"]
[Round "4"]
[White "Vallejo Pons,F"]
[Black "Giri,A"]
[Result "1/2-1/2"]
[WhiteElo "2705"]
[BlackElo "2714"]

1.e4 e6 2.d4 d5 3.Nd2 c5 4.exd5 Qxd5 5.Ngf3 cxd4 6.Bc4 Qd6 7.O-O Nf6 8.Nb3 Nc6
9.Nbxd4 Nxd4 10.Nxd4 Be7 11.c3 O-O 12.Qf3 Qc7 13.Bd3 Bd7 14.Re1 Rfe8 15.Bf4 Bd6
16.Bxd6 Qxd6 17.a4 Rad8 18.Bc2 Qc7 19.Qg3 Qxg3 20.hxg3 a5 21.Re5 b6 22.Rd1 h5
23.Nb5 Bc6 24.Nd4 Bd5 25.Bd3 Rc8 26.Bb5 Red8 27.f3 g6 28.Kf2 Bb3 29.Rd2 Bd5
30.Re1 Bb7 31.Red1 Rd5 32.Nc2 Kf8 33.Ne3 Rxd2+ 34.Rxd2 Ke7 35.Nc4 Nd5 36.Ne5 Nf6
37.Ke2 Rc5 38.Nc4 Nd5 39.Kf2 Rc7 40.Ne5 Nf6 41.Nc4 Nd5 42.Ne5  1/2-1/2

[Event "Sportaccord WMG Rapid"]
[Site "Beijing CHN"]
[Date "2011.12.10"]
[Round "5"]
[White "Almasi,Z"]
[Black "Vallejo Pons,F"]
[Result "1/2-1/2"]
[WhiteElo "2707"]
[BlackElo "2705"]

1.e4 e6 2.d4 d5 3.Nc3 Bb4 4.e5 c5 5.a3 Bxc3+ 6.bxc3 Ne7 7.h4 Qc7 8.h5 cxd4
9.cxd4 Qc3+ 10.Bd2 Qxd4 11.Nf3 Qe4+ 12.Be2 Nf5 13.O-O Nc6 14.Re1 O-O 15.h6 Nxh6
16.Bxh6 gxh6 17.Rb1 Kh8 18.Bb5 Qg6 19.Bxc6 bxc6 20.Rb4 Rg8 21.Nh4 Qg5 22.Qf3 Bd7
23.g3 Raf8 24.Rf4 Be8 25.Kh2 c5 26.Qc3 Qe7 27.Rf6 Rg4 28.Qd2 Rfg8 29.Qxh6 Qf8
30.Qe3 Qg7 31.Qf3 Qg5 32.Kh3 Rc4 33.Rf4 Rxf4 34.gxf4 Qg7 35.f5 Bd7 36.f6 Qg5
37.c3 Bb5 38.Qg3 Qh5 39.Qf3 Qg5 40.Qg3 Qd2 41.Qe3 Qc2 42.Kh2 Rg4 43.Kh3 Rg8
44.Qxc5 Bd3 45.Kh2 Qd2 46.Qe3 Qxc3 47.Nf3 Qc4 48.Nd4 Bg6 49.Rc1 Qa2 50.Rc7 Qb2
51.Rxa7 Qa1 52.Rc7 Be4 53.Rc1 Qb2 54.Kh3 Qb8 55.Nc6 Qb2 56.Nd4 Qb8 57.Qf4 Qb2
58.Qe3  1/2-1/2

[Event "Sportaccord WMG Rapid"]
[Site "Beijing CHN"]
[Date "2011.12.11"]
[Round "7"]
[White "Vallejo Pons,F"]
[Black "Ivanchuk,V"]
[Result "1/2-1/2"]
[WhiteElo "2705"]
[BlackElo "2775"]

1.Nf3 f5 2.g3 d6 3.d4 Nf6 4.Bg2 g6 5.b3 Bg7 6.Bb2 c6 7.O-O O-O 8.Nbd2 Na6
9.e3 Kh8 10.c4 Rb8 11.a3 Be6 12.Rc1 Qd7 13.Ne1 c5 14.Nd3 b5 15.dxc5 Nxc5
16.Nxc5 dxc5 17.Qc2 bxc4 18.Nxc4 Bxc4 19.Qxc4 Qb5 20.Qxc5 Qxc5 21.Rxc5 Rxb3
22.Bd4 Rxa3 23.Rc7 Ng8 24.Bxa7 Rd8 25.Bc5 Ra1 26.Bxe7 Rxf1+ 27.Bxf1 Nxe7
28.Rxe7 h5 29.Bc4 Kh7 30.Kg2 Kh6 31.Re6 Rf8 32.h3 Rf6 33.Re8 Rf8 34.Re7 Bf6
35.Re6 Kg7 36.Rc6 Re8 37.Be6 Be5 38.f4 Bb8 39.Rb6 Bc7 40.Ra6 Re7 41.Kf3 Bb8
42.g4 hxg4+ 43.hxg4 Ba7 44.e4 fxe4+ 45.Kxe4 Bb8 46.Rb6 Bc7 47.Rc6 Bb8 48.g5 Re8
49.Rb6 Bc7 50.Rc6 Bb8 51.Rb6 Bc7 52.Ra6 Bb8 53.Kf3 Rf8 54.Ra4 Re8 55.Bc4 Rf8
56.Bd3 Rf7 57.Kg4 Bd6 58.Rd4 Bc5 59.Re4 Bd6 60.Bc4 Rc7 61.Rd4 Be7 62.Bd3 Rc6
63.Rd7 Kf8 64.Rb7 Ba3 65.Rh7 Bc1 66.Rh6 Kg7 67.Kf3 Rd6 68.Be4 Rb6 69.Rh1 Rb3+
70.Kg4 Rb4 71.Re1 Bd2 72.Re2 Bc1 73.Kf3 Rb3+ 74.Kg4 Rb4 75.Kg3 Ra4 76.Kf3 Ra3+
77.Kg4 Ra4 78.Rc2 Rxe4 79.Rxc1 Ra4 80.Rc7+ Kf8 81.Kf3 Rb4 82.f5 gxf5 83.g6 Rg4
84.Rf7+ Kg8 85.Rxf5 Rxg6  1/2-1/2

[Event "Sportaccord WMG Blitz"]
[Site "Beijing CHN"]
[Date "2011.12.13"]
[Round "9"]
[White "Ponomariov,R"]
[Black "Vallejo Pons,F"]
[Result "0-1"]
[WhiteElo "2723"]
[BlackElo "2705"]

1.d4 d5 2.c4 c6 3.Nc3 dxc4 4.e3 b5 5.a4 b4 6.Ne4 Qd5 7.Nd2 c3 8.bxc3 bxc3
9.Nb1 Qa5 10.Qb3 e6 11.Nxc3 Na6 12.Bd2 Rb8 13.Qc4 Nb4 14.Ne4 Qd5 15.Bxb4 Bxb4+
16.Nd2 Bxd2+ 17.Kxd2 Rb2+ 18.Kc3 Rxf2 19.Qxd5 exd5 20.Bd3 Rxg2 21.Ne2 Nf6
22.Rab1 O-O 23.Rb8 Ne4+ 24.Kb4 Nf2 25.Nf4 Nxd3+ 26.Nxd3 Rd2 27.Nc5 Rb2+ 28.Nb3 Bf5
29.Rxf8+ Kxf8 30.Ka3 Re2 31.Na5 Rxe3+ 32.Kb4 Bd7 33.Nb7 f5 34.Nc5 Ke7 35.Ka5 Bc8
36.Rb1 f4 37.Rf1 f3 38.h4 g6 39.Kb4 h6 40.Nb3 g5  0-1

[Event "Sportaccord WMG Blitz"]
[Site "Beijing CHN"]
[Date "2011.12.13"]
[Round "12"]
[White "Vallejo Pons,F"]
[Black "Dominguez Perez,L"]
[Result "1-0"]
[WhiteElo "2705"]
[BlackElo "2712"]

1.Nf3 c5 2.c4 Nc6 3.Nc3 e5 4.g3 g6 5.Bg2 Bg7 6.d3 d6 7.O-O Nge7 8.Bg5 f6
9.Bd2 O-O 10.Ne1 Be6 11.Nd5 Rb8 12.Nc2 Qd7 13.b4 Bh3 14.b5 Bxg2 15.bxc6 Qh3
16.Nxe7+ Kf7 17.c7 Kxe7 18.cxb8=Q Rxb8 19.Ne3 Bc6 20.Nd5+ Kf7 21.e4 h5 22.Qf3 h4
23.Qg2 Qe6 24.g4 b5 25.cxb5 Bxb5 26.Rab1 Rb7 27.Rxb5 Rxb5 28.Nc7  1-0

[Event "Sportaccord WMG Blitz"]
[Site "Beijing CHN"]
[Date "2011.12.13"]
[Round "13"]
[White "Le Quang Liem"]
[Black "Vallejo Pons,F"]
[Result "1/2-1/2"]
[WhiteElo "2714"]
[BlackElo "2705"]

1.Nf3 d5 2.d4 Nf6 3.c4 c6 4.Qb3 dxc4 5.Qxc4 Bg4 6.Nc3 Nbd7 7.Ng5 Bh5 8.e4 e5
9.Be3 Nb6 10.Qd3 exd4 11.Bxd4 Be7 12.Nh3 Qc7 13.Qg3 O-O-O 14.Qxc7+ Kxc7 15.Be5+ Kc8
16.Nf4 Bg6 17.f3 Rhe8 18.Nxg6 hxg6 19.Bf4 Bc5 20.Be2 Nh5 21.Bd2 Bf2+ 22.Kxf2 Rxd2
23.Rab1 Red8 24.Rhd1 Rxd1 25.Rxd1 Nf4 26.Rxd8+ Kxd8 27.Bf1 g5 28.g3 Ne6 29.Ke3 Ke7
30.b3 a5 31.Ne2 Nd7 32.f4 gxf4+ 33.gxf4 Ndc5 34.h4 b5 35.f5 Nc7 36.e5 Nd5+
37.Kd4 Nd7 38.Bg2 Nb4 39.Nc3 f6 40.e6 Ne5 41.Kc5 Ned3+ 42.Kb6 Nc1 43.a3 Nxb3
44.axb4 axb4 45.Na2 Nd4 46.Nxb4 Nxf5 47.Nxc6+ Kxe6 48.Bh3 g6 49.Kxb5 Kd5
50.Bxf5 gxf5 51.h5 f4 52.h6 f3 53.h7 f2 54.h8=Q f1=Q+ 55.Kb6 Qb1+ 56.Kc7 Qc1
57.Qxf6 Ke4 58.Qe5+ Kd3 59.Kd6 Qd2 60.Qf5+ Ke3+ 61.Ke6 Ke2 62.Qh5+ Kf2 63.Qh4+ Ke3
64.Ne5 Qa2+ 65.Ke7 Qa7+ 66.Kf6 Qb6+ 67.Kf5 Qb1+ 68.Kg5 Qg1+ 69.Ng4+ Kd2 70.Qh8 Qc5+
71.Kh4 Qe7+ 72.Kg3 Qe1+ 73.Kg2 Qe4+ 74.Kg3 Qe1+ 75.Kf4 Qf1+ 76.Kg5 Qb5+ 77.Ne5 Kc3
78.Qf6 Kb3 79.Qd6 Qb4 80.Qd5+ Kc2 81.Qd3+ Kc1 82.Nc4 Qc5+ 83.Kf4 Qf2+ 84.Ke4 Qh4+
85.Kd5 Qd8+ 86.Nd6 Qa5+ 87.Kd4 Qb4+ 88.Nc4 Qe1 89.Qa3+ Kd1 90.Qd3+ Kc1 91.Qa3+ Kd1
92.Ne3+ Ke2 93.Qb2+ Qd2+ 94.Qxd2+ Kxd2  1/2-1/2

[Event "Sportaccord WMG Blitz"]
[Site "Beijing CHN"]
[Date "2011.12.13"]
[Round "14"]
[White "Vallejo Pons,F"]
[Black "Gashimov,V"]
[Result "0-1"]
[WhiteElo "2705"]
[BlackElo "2757"]

1.Nf3 g6 2.d4 Bg7 3.c4 d6 4.Nc3 Bg4 5.h3 Bxf3 6.exf3 e6 7.d5 exd5 8.Nxd5 c6
9.Qe2+ Kf8 10.Nc3 Ne7 11.Bf4 Nf5 12.O-O-O Na6 13.Qd2 Nd4 14.Be3 c5 15.Nb5 Nf5
16.g4 Nxe3 17.fxe3 Nb4 18.a3 Nc6 19.Qxd6+ Qxd6 20.Nxd6 Rd8 21.Be2 Ke7 22.Ne4 b6
23.Rxd8 Nxd8 24.Rd1 Ne6 25.Kc2 Re8 26.Nc3 Bxc3 27.Kxc3 f5 28.f4 Rf8 29.Rd5 fxg4
30.Bxg4 Ng7 31.Rd7+ Kf6 32.Rd6+ Ke7 33.Rd7+ Kf6 34.e4 g5 35.Rd6+ Ke7 36.e5 Rxf4
37.Rd7+ Kf8 38.Rxa7 h5 39.Bd7 Rf3+ 40.Kd2 Rf2+ 41.Ke3 Rxb2 42.Ke4 Rd2 43.e6 g4
44.hxg4 hxg4 45.Ke5 g3 46.Bc6 Re2+ 47.Kf4 g2 48.e7+ Rxe7 49.Ra8+ Kf7 50.Bxg2 Ne6+
51.Kg4 Kf6 52.Rb8 Rg7+ 53.Kf3 Ke5 54.Rxb6 Ra7 55.Kf2 Rxa3 56.Bd5 Nf4 57.Rc6 Kd4
58.Bf7 Nd3+ 59.Kg2 Ra2+ 60.Kg3 Ne5 61.Rd6+ Kc3 62.Rd5 Nxf7 63.Rxc5 Nd6 64.Rc6 Ne4+
65.Kf4 Kd4 66.Rc8 Rf2+ 67.Kg4 Ke3 68.Re8 Rf4+ 69.Kh5 Kf3 70.Kg6 Rf6+ 71.Kg7 Rc6
72.Rf8+ Kg4 73.c5 Ng3 74.Rf2 Nf5+ 75.Kf7 Kg5 76.Ke8 Rxc5 77.Kd7 Kf6 78.Rf1 Rd5+
79.Kc6 Rd2 80.Kc5 Ke5 81.Re1+ Kf4 82.Rf1+ Ke4 83.Re1+ Ne3 84.Kc6 Rd8 85.Kc7 Rd3
86.Kc6 Ke5 87.Kc7 Ke6 88.Kc6 Rc3+ 89.Kb5 Kd5 90.Rh1 Rb3+ 91.Ka4 Rb8 92.Rh5+ Kd4
93.Rh4+ Kd3 94.Rh3 Rb1 95.Ka5 Rb3 96.Ka6 Kc4 97.Rg3 Kc5 98.Ka7 Kc6 99.Rg6+ Kc5
100.Rg3 Kd4 101.Ka6 Rb1 102.Rh3 Nd5 103.Rh2 Rb6+ 104.Ka5 Rb8 105.Rc2 Nc3
106.Ka6 Rb3 107.Rc1 Kc5 108.Ka7 Kc6 109.Rc2 Kc7 110.Ka6 Ra3+  0-1